[Event "British Columbia-ch U20"]
[Site "Vancouver"]
[Date "2018.11.12"]
[Round "4.10"]
[White "Madokoro, Aidan"]
[Black "Xu, Andrew"]
[Result "0-1"]
[WhiteElo "1425"]
[BlackElo "1516"]
[PlyCount "68"]
[EventDate "2018.11.10"]
[EventType "swiss"]
[EventRounds "5"]
[EventCountry "CAN"]
[SourceTitle "EXT 2022"]
[Source "ChessBase"]
[SourceDate "2021.10.06"]
[SourceVersion "1"]
[SourceVersionDate "2021.10.06"]
[SourceQuality "1"]

1. c4 c5 2. g3 Nc6 3. Bg2 b6 4. Nc3 Bb7 5. e3 Nf6 6. Nge2 e6 7. 0-0 Be7 8. d4 0-0 9. d5 Ne5 10. d6 Bxg2 11. Kxg2 Bxd6 12. Qxd6 Nxc4 13. Qf4 d5 14. Rd1 e5 15. Qf3 d4 16. exd4 cxd4 17. Ne4 Nxe4 18. Qxe4 f5 19. Qc6 Rc8 20. Qe6+ Kh8 21. b3 Rf6 22. Bg5 Rxe6 23. Bxd8 Nb2 24. Rd2 d3 25. Ng1 Rc2 26. Bg5 f4 27. Rxc2 dxc2 28. Ne2 h6 29. Bd8 Rd6 30. Bc7 Rd2 31. Nc1 Nd1 32. Bxe5 Rxf2+ 33. Kg1 f3 34. Bd4 Rg2+ 0-1

[Event "British Columbia-ch U20"]
[Site "Vancouver"]
[Date "2018.11.11"]
[Round "3.6"]
[White "Doknjas, Neil"]
[Black "Madokoro, Aidan"]
[Result "1-0"]
[WhiteElo "2056"]
[BlackElo "1425"]
[PlyCount "63"]
[EventDate "2018.11.10"]
[EventType "swiss"]
[EventRounds "5"]
[EventCountry "CAN"]
[SourceTitle "EXT 2022"]
[Source "ChessBase"]
[SourceDate "2021.10.06"]
[SourceVersion "1"]
[SourceVersionDate "2021.10.06"]
[SourceQuality "1"]

1. e4 e6 2. d4 d5 3. Nc3 Nf6 4. Bg5 Be7 5. e5 Nfd7 6. Bxe7 Qxe7 7. f4 c5 8. Nb5 Qd8 9. Nd6+ Kf8 10. Qh5 g6 11. Qh6+ Kg8 12. Nf3 Nc6 13. 0-0-0 Qf8 14. Qh4 Ne7 15. g4 h5 16. Ng5 hxg4 17. Qxg4 f5 18. Qg3 Nb8 19. Ndf7 Kg7 20. Nxh8 Qxh8 21. dxc5 Nbc6 22. h4 Qh5 23. Qg2 Bd7 24. Be2 Qh6 25. h5 Kg8 26. hxg6 Qxg6 27. Bh5 Qg7 28. Bf7+ Kf8 29. Rh7 Nd8 30. Rxg7 Kxg7 31. Nxe6+ Kh7 32. Qg7# 1-0